00956nam a2200181 a 4500008004100000020001800041041000800059100003000067245017200097250001100269260005400280300001100334500025800345502008400603653004500687700002100732700002100753170511e2016 gw ||||| |||| 00| 0 spa d a9783639603668 aspa1 aOlavegogeascoechea, Pablo aEnseñanza en medicina de la metodología del diagnóstico clínico.bEnseñanza en medicina de una metodología en pequeños grupos /cPablo Olavegogeascoechea a1a ed. aBerlin:bEditorial Académica Española;c2016. a120 p. aOlavegogeascoechea, P., Calvet, M. y Federico, A. (2016). Enseñanza en medicina de la metodología del diagnóstico clínico. Enseñanza de la medicina de una metodología en pequeños grupos. (1a ed.). Berlin : Editorial Académica Española. aTesis de maestria presentada por el medico Pablo Olavegogeascoechea. Año 2016 aMetodología de enseñanza en medicina1 aCalvet, Mónica1 aFederico, Andrea